[Event "Collado Villalba op-B 32nd"]
[Site "Collado Villalba"]
[Date "2015.08.25"]
[Round "4"]
[White "Minguela Munoz, Bienvenido"]
[Black "Greciano Reiskila, Miguel Cristian"]
[Result "0-1"]
[WhiteElo "1732"]
[BlackElo "1925"]
[PlyCount "138"]
[EventDate "2015.08.22"]
[EventType "swiss"]
[EventRounds "9"]
[EventCountry "ESP"]
[SourceTitle "EXT 2016"]
[Source "ChessBase"]
[SourceDate "2015.10.08"]
[SourceVersion "1"]
[SourceVersionDate "2015.10.08"]
[SourceQuality "1"]

1. d4 Nf6 2. c4 g6 3. Nc3 d5 4. cxd5 Nxd5 5. Nf3 Bg7 6. Bd2 Bf5 7. Qb3 Nb6 8. e4 Bg4 9. Be3 Bxf3 10. gxf3 0-0 11. e5 N8d7 12. Ne4 c6 13. e6 Nf6 14. Ng5 Qd5 15. exf7+ Kh8 16. Qxd5 Nfxd5 17. Bd3 h6 18. h4 Nxe3 19. fxe3 Bf6 20. Ke2 Kg7 21. Ne6+ Kxf7 22. Nxf8 Rxf8 23. Rag1 Rg8 24. h5 g5 25. Bg6+ Ke6 26. Rc1 Kd6 27. Kd3 Rd8 28. Rhd1 Nd5 29. Bf7 e6 30. a3 Bg7 31. Bg6 Kc7 32. Ke2 e5 33. dxe5 Bxe5 34. Rc2 Bxb2 35. Rxd5 Rxd5 36. Rxb2 Rc5 37. Rd2 Rc3 38. Bf5 Rxa3 39. Rd7+ Kb6 40. Rh7 a5 41. Rxh6 a4 42. Rd6 Ra2+ 43. Rd2 Ra1 44. h6 Rh1 45. h7 a3 46. Kd3 Ka5 47. Rg2 b5 48. Kd4 b4 49. Kc5 b3 50. Rxg5 a2 51. Rg1 Rxg1 52. h8Q Rc1+ 53. Kd6 a1Q 54. Qa8+ Kb4 55. Qxa1 Rxa1 56. Kxc6 b2 57. Kd5 Rd1+ 58. Ke5 b1Q 59. Bxb1 Rxb1 60. f4 Kc5 61. f5 Kc6 62. e4 Kd7 63. Kf6 Ke8 64. e5 Rb6+ 65. Kg7 Ke7 66. f6+ Ke6 67. Kg8 Rb7 68. Kf8 Kxe5 69. f7 Ke6 0-1

[Event "Collado Villalba op-B 32nd"]
[Site "Collado Villalba"]
[Date "2015.08.24"]
[Round "3"]
[White "Salgado Duarte, Pablo"]
[Black "Minguela Munoz, Bienvenido"]
[Result "0-1"]
[WhiteElo "1533"]
[BlackElo "1732"]
[PlyCount "72"]
[EventDate "2015.08.22"]
[EventType "swiss"]
[EventRounds "9"]
[EventCountry "ESP"]
[SourceTitle "EXT 2016"]
[Source "ChessBase"]
[SourceDate "2015.10.08"]
[SourceVersion "1"]
[SourceVersionDate "2015.10.08"]
[SourceQuality "1"]

1. d4 Nf6 2. c4 g6 3. Nc3 Bg7 4. Nf3 d6 5. e4 0-0 6. h3 e5 7. Bg5 h6 8. Be3 Nc6 9. Be2 exd4 10. Nxd4 Re8 11. Nxc6 bxc6 12. Bf3 Bd7 13. Qd2 Kh7 14. Qc2 Rb8 15. Bxa7 Rb4 16. Be3 Rxc4 17. Qd3 Rb4 18. Rb1 d5 19. exd5 Bf5 20. Qd2 Bxb1 21. Nxb1 Nxd5 22. b3 Nxe3 23. fxe3 Qh4+ 24. Kf1 c5 25. Nc3 Qf6 26. Nd1 Rd8 27. Qc2 Qd6 28. Ke2 Qe5 29. Nf2 Rbd4 30. Ne4 R4d7 31. Rb1 f5 32. Nf2 Rd2+ 33. Qxd2 Rxd2+ 34. Kxd2 Qc3+ 35. Kd1 Qxe3 36. Nh1 Bc3 0-1

[Event "San Sebastian de los Reyes op 16th"]
[Site "San Sebastian"]
[Date "2014.12.02"]
[Round "3"]
[White "Minguela Munoz, Bienvenido"]
[Black "Morona Minguez, Miguel"]
[Result "0-1"]
[WhiteElo "1717"]
[BlackElo "1939"]
[PlyCount "124"]
[EventDate "2014.11.30"]
[EventType "swiss"]
[EventRounds "9"]
[EventCountry "ESP"]
[SourceTitle "CBM 163 Extra"]
[Source "ChessBase"]
[SourceDate "2014.12.23"]
[SourceVersion "1"]
[SourceVersionDate "2014.12.23"]
[SourceQuality "1"]

1. Nf3 Nf6 2. c4 c6 3. Nc3 d5 4. d4 h6 5. e3 Bf5 6. cxd5 cxd5 7. Ne5 e6 8. Qb3 b6 9. Bb5+ Nfd7 10. g4 Bh7 11. h4 f6 12. Nf3 Be7 13. Nd2 f5 14. gxf5 Bxf5 15. Nxd5 0-0 16. Nxe7+ Qxe7 17. e4 Bh7 18. Qe3 Nf6 19. Rg1 Kh8 20. b3 a6 21. Bd3 Nc6 22. Nc4 b5 23. Ba3 Nb4 24. Bxb4 Qxb4+ 25. Nd2 Rad8 26. Rc1 Qxd4 27. Ke2 Nh5 28. Qxd4 Rxd4 29. Ke3 Rfd8 30. Be2 Nf6 31. Rc7 Rxd2 32. Rgxg7 R2d7 33. Rgxd7 Rxd7 34. Rc6 Nxe4 35. Rxe6 Nc5 36. Rxh6 Kg7 37. Rb6 Re7+ 38. Kd2 Ne4+ 39. Kc1 Nc3 40. Bf3 Nxa2+ 41. Kb2 Nb4 42. Kc3 Nd3 43. Rxa6 Nxf2 44. Rb6 Re3+ 45. Kb4 Rxf3 46. Rxb5 Rf4+ 47. Ka5 Rxh4 48. b4 Nd3 49. Rb7+ Kf6 50. b5 Ke6 51. Kb6 Kd6 52. Rg7 Be4 53. Ka7 Rh7 54. Rxh7 Bxh7 55. b6 Nb4 56. b7 Nc6+ 57. Kb6 Bd3 58. b8Q+ Nxb8 59. Kb7 Nd7 60. Ka7 Kc7 61. Ka8 Nb6+ 62. Ka7 Nc8+ 0-1

[Event "Madrid Chamartin op 3rd"]
[Site "Madrid"]
[Date "2014.09.09"]
[Round "3"]
[White "Minguela Munoz, Bienvenido"]
[Black "Hernando Pertierra, Jose Carlos"]
[Result "0-1"]
[WhiteElo "1761"]
[BlackElo "2379"]
[PlyCount "44"]
[EventDate "2014.09.07"]
[EventType "swiss"]
[EventRounds "9"]
[EventCountry "ESP"]
[SourceTitle "CBM 162 Extra"]
[Source "ChessBase"]
[SourceDate "2014.10.17"]
[SourceVersion "1"]
[SourceVersionDate "2014.10.17"]
[SourceQuality "1"]

1. d4 Nf6 2. c4 c5 3. d5 b5 4. cxb5 a6 5. bxa6 Bxa6 6. g3 d6 7. Nc3 g6 8. Nf3 Bg7 9. Bg2 0-0 10. 0-0 Nbd7 11. Re1 Qb6 12. e3 Rfb8 13. Rb1 Ng4 14. Qc2 Nge5 15. Nxe5 Nxe5 16. Rd1 Qb4 17. a3 Qb3 18. Be4 Bc4 19. Ra1 f5 20. Bxf5 gxf5 21. Qxf5 Kh8 22. a4 Rf8 0-1

[Event "San Sebastian de los Reyes op 15th"]
[Site "San Sebastian"]
[Date "2013.12.08"]
[Round "9"]
[White "Del Campo Lobo, Joaquin"]
[Black "Minguela Munoz, Bienvenido"]
[Result "0-1"]
[WhiteElo "1611"]
[BlackElo "1817"]
[PlyCount "76"]
[EventDate "2013.11.30"]
[EventType "swiss"]
[EventRounds "9"]
[EventCountry "ESP"]
[SourceTitle "CBM 157 Extra"]
[Source "ChessBase"]
[SourceDate "2013.12.19"]
[SourceVersion "1"]
[SourceVersionDate "2013.12.19"]
[SourceQuality "1"]

1. d4 Nf6 2. c4 e6 3. Nf3 b6 4. g3 Bb7 5. Bg2 d5 6. Nc3 Nbd7 7. cxd5 exd5 8. 0-0 Be7 9. Bf4 0-0 10. Rc1 a6 11. Ne5 Bd6 12. Qb3 Bxe5 13. dxe5 Nc5 14. Qc2 Nfe4 15. Nxe4 dxe4 16. b4 Ne6 17. Bxe4 Bxe4 18. Qxe4 Qe7 19. Bd2 Rad8 20. Bc3 Qg5 21. Rfd1 Qh5 22. h4 g5 23. Qf3 Qxf3 24. exf3 gxh4 25. gxh4 Kg7 26. Kh2 Kg6 27. Rg1+ Kf5 28. Rg4 Rd3 29. Kg3 h5 30. Rc4 Rg8+ 31. Kh2 Rxf3 32. Rc2 Nf4 33. Rxf4+ Rxf4 34. Kh3 Rgg4 35. Bd2 Rf3+ 36. Kh2 Rxf2+ 37. Kh3 Rgg2 38. Rxc7 Rxd2 0-1

[Event "San Sebastian de los Reyes op 15th"]
[Site "San Sebastian"]
[Date "2013.12.01"]
[Round "2"]
[White "Sanchez Ortega, Ruben"]
[Black "Minguela Munoz, Bienvenido"]
[Result "0-1"]
[WhiteElo "1558"]
[BlackElo "1817"]
[PlyCount "37"]
[EventDate "2013.11.30"]
[EventType "swiss"]
[EventRounds "9"]
[EventCountry "ESP"]
[SourceTitle "CBM 157 Extra"]
[Source "ChessBase"]
[SourceDate "2013.12.19"]
[SourceVersion "1"]
[SourceVersionDate "2013.12.19"]
[SourceQuality "1"]

1. d4 Nf6 2. Bg5 Ne4 3. Bf4 e6 4. f3 Nf6 5. e4 d5 6. e5 Nfd7 7. Bd3 c5 8. c3 Nc6 9. Ne2 Qb6 10. Qb3 Qa5 11. Qa3 Qc7 12. Qa4 c4 13. Bxc4 Nb6 14. Qc2 Nxc4 15. b3 Nb6 16. 0-0 Be7 17. a4 Nd7 18. Rc1 Qb6 19. Be3 0-1

[Event "San Sebastian de los Reyes op 14th"]
[Site "San Sebastian"]
[Date "2012.12.07"]
[Round "7"]
[White "Garcia Lopez, Fernando"]
[Black "Minguela Munoz, Bienvenido"]
[Result "1/2-1/2"]
[WhiteElo "1657"]
[BlackElo "1898"]
[PlyCount "117"]
[EventDate "2012.12.01"]
[EventType "swiss"]
[EventRounds "9"]
[EventCountry "ESP"]
[SourceTitle "CBM 151 Extra"]
[Source "ChessBase"]
[SourceDate "2012.12.18"]
[SourceVersion "1"]
[SourceVersionDate "2012.12.18"]
[SourceQuality "1"]

1. e4 c5 2. Nf3 Nc6 3. d4 cxd4 4. Nxd4 Qb6 5. Nxc6 bxc6 6. Nc3 e5 7. Bd3 Nf6 8. 0-0 Be7 9. Kh1 0-0 10. Rb1 d5 11. f3 d4 12. Ne2 Be6 13. b3 c5 14. Bd2 Qc6 15. c4 a5 16. Nc1 a4 17. Bc2 axb3 18. axb3 Ra3 19. Nd3 Nd7 20. Bc1 Ra2 21. Bb2 Rfa8 22. Qe2 f6 23. Rfd1 Nf8 24. Qf1 R8a7 25. Ra1 Qa8 26. Rxa2 Rxa2 27. Ra1 Rxa1 28. Bxa1 g5 29. Qc1 Ng6 30. Bb2 Qa5 31. Qe1 Qxe1+ 32. Nxe1 Bf7 33. Ba3 Nf4 34. g3 Ne6 35. Nd3 Kf8 36. Nb2 Ke8 37. Na4 Kd7 38. Nb2 Kc6 39. Nd3 Bg6 40. Kg2 g4 41. Nf2 gxf3+ 42. Kxf3 d3 43. Bxd3 Nd4+ 44. Ke3 Nxb3 45. Nd1 Nd4 46. Nc3 Bf8 47. Nd5 f5 48. Nc3 Bh6+ 49. Kf2 Bd2 50. exf5 Nxf5 51. Be4+ Kd7 52. Nd5 Kd6 53. Bb1 Ne3 54. Nxe3 Bxe3+ 55. Kxe3 Bxb1 56. Kd2 Bf5 57. Kc3 Be6 58. Kd3 Bf5+ 59. Kc3 1/2-1/2

[Event "San Sebastian de los Reyes op 14th"]
[Site "San Sebastian"]
[Date "2012.12.05"]
[Round "5"]
[White "San Felipe Gonzalez, Tomas"]
[Black "Minguela Munoz, Bienvenido"]
[Result "1-0"]
[WhiteElo "1646"]
[BlackElo "1898"]
[PlyCount "117"]
[EventDate "2012.12.01"]
[EventType "swiss"]
[EventRounds "9"]
[EventCountry "ESP"]
[SourceTitle "CBM 151 Extra"]
[Source "ChessBase"]
[SourceDate "2012.12.18"]
[SourceVersion "1"]
[SourceVersionDate "2012.12.18"]
[SourceQuality "1"]

1. d4 Nf6 2. c4 g6 3. Nc3 Bg7 4. e4 d6 5. f3 Nbd7 6. Be3 e5 7. Bd3 0-0 8. Nge2 c6 9. Qd2 Re8 10. 0-0 Nh5 11. Bg5 Qb6 12. Na4 Qc7 13. d5 c5 14. Nac3 a6 15. Rab1 b5 16. cxb5 c4 17. Bc2 axb5 18. a3 Rb8 19. Na2 Nc5 20. Nb4 Bd7 21. Be3 f5 22. Kh1 f4 23. Bxc5 Qxc5 24. Na6 Qb6 25. Nxb8 Rxb8 26. b3 cxb3 27. Rxb3 Qd8 28. Rfb1 Bh6 29. a4 Qh4 30. Kg1 Ng3 31. Qe1 Nxe2+ 32. Qxe2 g5 33. Qf2 Qh5 34. Qa7 Qe8 35. axb5 g4 36. b6 gxf3 37. Rxf3 Bg4 38. Ra3 f3 39. gxf3 Bh3 40. Kf2 Rc8 41. Bd3 Qg6 42. Bf1 Rc2+ 43. Ke1 Bxf1 44. Qb8+ Bf8 45. Ra8 Re2+ 46. Kd1 Rd2+ 47. Kxd2 Qg5+ 48. Kc2 Qg2+ 49. Kc1 Qg5+ 50. Kb2 Qd2+ 51. Ka1 Qc3+ 52. Rb2 Qc1+ 53. Rb1 Qc3+ 54. Rb2 Qc1+ 55. Ka2 Bc4+ 56. Ka3 Qa1+ 57. Kb4 Qxb2+ 58. Kxc4 Qc2+ 59. Kb5 1-0

[Event "San Sebastian de los Reyes op 14th"]
[Site "San Sebastian"]
[Date "2012.12.04"]
[Round "4"]
[White "Minguela Munoz, Bienvenido"]
[Black "Alfaya Marcelo, Roberto"]
[Result "0-1"]
[WhiteElo "1898"]
[BlackElo "1758"]
[PlyCount "62"]
[EventDate "2012.12.01"]
[EventType "swiss"]
[EventRounds "9"]
[EventCountry "ESP"]
[SourceTitle "CBM 151 Extra"]
[Source "ChessBase"]
[SourceDate "2012.12.18"]
[SourceVersion "1"]
[SourceVersionDate "2012.12.18"]
[SourceQuality "1"]

1. d4 Nf6 2. Nf3 g6 3. c4 Bg7 4. Nc3 0-0 5. e4 d6 6. Bg5 h6 7. Be3 e5 8. dxe5 dxe5 9. h3 Nbd7 10. Qd2 Kh7 11. 0-0-0 Re8 12. c5 c6 13. Bc4 Qe7 14. Qd6 Nh5 15. g3 Bf8 16. Nh4 Qxd6 17. cxd6 Kg7 18. Bxh6+ Kxh6 19. Bxf7 Rd8 20. Bxg6 Ndf6 21. f4 exf4 22. e5 Nxg3 23. Rhe1 Nd5 24. Nxd5 cxd5 25. Bf7 Bxh3 26. Rxd5 Rac8+ 27. Kd2 Kg7 28. e6 Bxd6 29. e7 Bb4+ 30. Kd3 Rxd5+ 31. Bxd5 Bxe1 0-1